000 00595nam a2200241 i 4500
001 C2-0216047
003 PPAK
005 20180728104654.0
008 990511s1992 xx |||| ||||| | may d
020 _a9795410253
040 _aPPAK
_beng
_cPPAK
_erda
082 0 4 _a899.233
_2 23
090 0 0 _a899.233
_bKUN
_dKSA
100 0 _aKuntowijoyo,
_eauthor
245 1 0 _aDilarang mencintai bunga-bunga
264 1 _c1992
300 _a200 pages
336 _2rdacontent
_atext
337 _2rdamedia
_aunmediated
338 _2rdacarrier
_avolume
650 1 0 _aMalay Fiction
942 _ddc
_cB
999 _c159732
_d159732